Роль менеджера качества в разработке системы экологического менеджмента; Методы менеджмента качества; № 11

Podrobná bibliografie
Parent link:Методы менеджмента качества: научно-технический журнал/ Всероссийская организация качества (ВОК).— , 1999-.— 0130-6898
№ 11.— 2003.— С. 22-27
Hlavní autor: Кириллова С. Ф.
Jazyk:ruština
Vydáno: 2003
Edice:Технология развития
Témata:
Médium: Kapitola
KOHA link:https://koha.lib.tpu.ru/cgi-bin/koha/opac-detail.pl?biblionumber=388826

MARC

LEADER 00000naa2a2200000 4500
001 388826
005 20231101063806.0
035 |a (RuTPU)RU\TPU\prd\20336 
090 |a 388826 
100 |a 20031208a2003 k y0rusy50 ca 
101 0 |a rus 
102 |a RU 
200 1 |a Роль менеджера качества в разработке системы экологического менеджмента  |f С. Ф. Кириллова 
225 1 |a Технология развития 
461 1 |0 (RuTPU)RU\TPU\prd\1635  |x 0130-6898  |t Методы менеджмента качества  |o научно-технический журнал  |f Всероссийская организация качества (ВОК)  |d 1999- 
463 1 |0 (RuTPU)RU\TPU\prd\20235  |t № 11  |v С. 22-27  |d 2003 
610 1 |a менеджеры 
610 1 |a МС ИСО 14001:1996 
610 1 |a менеджмент качества 
610 1 |a экологический мененджмент 
700 1 |a Кириллова  |b С. Ф. 
801 1 |a RU  |b 63413507  |c 20031208  |g PSBO 
801 2 |a RU  |b 63413507  |c 20130520  |g RCR 
942 |c BK